000 00758nam a2200289Ia 4500
005 20260324142958.0
008 008 260324s9999 xx 000 0 eng d
020 _a9780203812136
037 _aEBOOK
040 _aCRL
040 _beng
040 _cCRL
041 _2eng
041 _aeng
084 _qCRL
100 _aBertram C. Bruce; Andee Rubin; with contributi Barnhardt and Teachers
_91213946
245 0 _aElectronic Quills
245 2 _bA Situated Evaluation of Using Computers for Writing in Classrooms
260 _bTaylor and Francis
260 _c1993
365 _a
365 _b145
856 _uhttp://www.taylorfrancis.com/books/9780203812136
942 _cEBOOK
999 _c1818782
_d1818782